000 00471nam a2200181Ia 4500
001 35671
003 IN-NITTTR
005 20251114233433.0
008 251113s9999||||xx |||||||||||||| ||eng||
040 _beng
040 _cIN-NITTTR
041 _aeng
082 _aRD132 .S43 2014
100 _aBurleson, Wayne
245 0 _aSecurity and Privacy for Implantable Medical Devices /
_cBurleson, Wayne, Carrara, Sandro
700 _a Carrara, Sandro
942 _2ddc
_cBK
999 _c35327
_d35327